[Event "RB-2018-0-00363"]
[Site "LSS email"]
[Date "2018.11.01"]
[Round "?"]
[White "Pilgram, Kurt"]
[Black "Sirotkin, Evgenji"]
[Result "1/2-1/2"]
[WhiteElo "2116"]
[BlackElo "1972"]
[PlyCount "80"]
[EventDate "2018.05.22"]
[EventType "tourn (corr)"]
[EventRounds "6"]
[EventCountry "GER"]
[SourceTitle "Corr 2022"]
[Source "ChessBase"]
[SourceDate "2021.10.24"]
[SourceVersion "1"]
[SourceVersionDate "2021.10.24"]
[SourceQuality "1"]

1. Nf3 c5 2. c4 Nf6 3. Nc3 e6 4. g3 d5 5. cxd5 exd5 6. d4 Nc6 7. Bg2 Be7 8. 0-0 0-0 9. dxc5 Bxc5 10. b3 Re8 11. Bb2 Bg4 12. Rc1 Bf8 13. Nb5 Rc8 14. h3 Bh5 15. e3 Ne4 16. Nbd4 f6 17. Ne2 Bf7 18. Nf4 Qa5 19. a3 Bd6 20. Qd3 Nc5 21. Qd1 Ne4 22. Qd3 Nc5 23. Qc2 Ne4 24. Qe2 Bxf4 25. gxf4 Qc7 26. Kh2 Be6 27. Rg1 Qf7 28. Nd2 Nd6 29. b4 Ne7 30. a4 Kh8 31. b5 Nef5 32. Ba3 Nc4 33. Nxc4 dxc4 34. Bb4 b6 35. Rgd1 h6 36. Bf3 Nh4 37. Bh1 Red8 38. Be4 f5 39. Bc6 Kh7 40. f3 Bd5 1/2-1/2

[Event "SB-2018-0-00549"]
[Site "LSS email"]
[Date "2018.10.19"]
[Round "?"]
[White "Sirotkin, Evgenji"]
[Black "Weiss, Lester"]
[Result "0-1"]
[WhiteElo "2052"]
[BlackElo "2055"]
[PlyCount "42"]
[EventDate "2018.09.03"]
[EventType "tourn (corr)"]
[EventRounds "6"]
[EventCountry "GER"]
[SourceTitle "Corr 2022"]
[Source "ChessBase"]
[SourceDate "2021.10.24"]
[SourceVersion "1"]
[SourceVersionDate "2021.10.24"]
[SourceQuality "1"]

1. d4 Nf6 2. c4 e6 3. g3 d5 4. Bg2 dxc4 5. Qa4+ Nbd7 6. Qxc4 a6 7. Nf3 b5 8. Qc6 Rb8 9. Bf4 Nd5 10. Bg5 Be7 11. Bxe7 Qxe7 12. Nc3 Bb7 13. Nxd5 Bxc6 14. Nxe7 Kxe7 15. Rc1 Rb6 16. 0-0 Rc8 17. Rfd1 Bd5 18. Ne5 Nxe5 19. Bxd5 exd5 20. dxe5 Ke6 21. Rc5 Kxe5 0-1

[Event "SB-2018-0-00548"]
[Site "LSS email"]
[Date "2018.10.04"]
[Round "?"]
[White "Sirotkin, Evgenji"]
[Black "Stancl, Vladimir"]
[Result "1/2-1/2"]
[WhiteElo "2056"]
[BlackElo "2062"]
[PlyCount "47"]
[EventDate "2018.08.21"]
[EventType "tourn (corr)"]
[EventRounds "6"]
[EventCountry "GER"]
[SourceTitle "Corr 2022"]
[Source "ChessBase"]
[SourceDate "2021.10.24"]
[SourceVersion "1"]
[SourceVersionDate "2021.10.24"]
[SourceQuality "1"]

1. e4 e5 2. Nf3 Nc6 3. Bb5 a6 4. Ba4 Be7 5. 0-0 Nf6 6. Re1 b5 7. Bb3 0-0 8. c3 d5 9. exd5 Nxd5 10. Nxe5 Nxe5 11. Rxe5 c6 12. d4 Bd6 13. Re1 Qh4 14. g3 Qh3 15. Be3 Bg4 16. Qd3 Qh5 17. Nd2 Rae8 18. a4 Re6 19. axb5 axb5 20. Qf1 Bh3 21. Bd1 Bg4 22. c4 Nf6 23. d5 cxd5 24. cxd5 1/2-1/2

[Event "RB-2018-0-00362"]
[Site "LSS email"]
[Date "2018.10.03"]
[Round "?"]
[White "Koronowski, Heinz Juergen"]
[Black "Sirotkin, Evgenji"]
[Result "1/2-1/2"]
[WhiteElo "2092"]
[BlackElo "1972"]
[PlyCount "82"]
[EventDate "2018.05.12"]
[EventType "tourn (corr)"]
[EventRounds "6"]
[EventCountry "GER"]
[SourceTitle "Corr 2022"]
[Source "ChessBase"]
[SourceDate "2021.10.24"]
[SourceVersion "1"]
[SourceVersionDate "2021.10.24"]
[SourceQuality "1"]

1. e4 e5 2. Nf3 Nf6 3. Nxe5 d6 4. Nf3 Nxe4 5. d4 d5 6. Bd3 Bd6 7. 0-0 0-0 8. c4 c6 9. Nc3 Nxc3 10. bxc3 dxc4 11. Bxc4 Bg4 12. h3 Bh5 13. g4 Bg6 14. Ne5 Nd7 15. Nxg6 hxg6 16. Bb3 a5 17. a4 Nf6 18. Qf3 Qd7 19. Re1 Rab8 20. Bg5 Nh7 21. Bd2 Nf6 22. Bg5 Nh7 23. Bh4 Qc7 24. Re2 g5 25. Bg3 Bxg3 26. fxg3 Rfe8 27. Rae1 Rxe2 28. Rxe2 b5 29. Kg2 Nf6 30. axb5 cxb5 31. h4 Re8 32. Rf2 gxh4 33. gxh4 a4 34. Ba2 b4 35. cxb4 Re4 36. g5 Rg4+ 37. Kh3 Qc8 38. Qf5 Qc3+ 39. Qf3 Qc8 40. Qf5 Qc3+ 41. Qf3 Qc8 1/2-1/2

[Event "SB-2018-0-00547"]
[Site "LSS email"]
[Date "2018.10.01"]
[Round "?"]
[White "Sirotkin, Evgenji"]
[Black "Peraza Balleste, Orlando"]
[Result "0-1"]
[WhiteElo "2033"]
[BlackElo "1877"]
[PlyCount "32"]
[EventDate "2018.08.06"]
[EventType "tourn (corr)"]
[EventRounds "6"]
[EventCountry "GER"]
[SourceTitle "Corr 2022"]
[Source "ChessBase"]
[SourceDate "2021.10.24"]
[SourceVersion "1"]
[SourceVersionDate "2021.10.24"]
[SourceQuality "1"]

1. d4 Nf6 2. c4 c5 3. d5 e6 4. Nc3 exd5 5. cxd5 d6 6. Nf3 g6 7. e4 Bg7 8. Be2 0-0 9. 0-0 Re8 10. Nd2 Nbd7 11. a4 g5 12. f4 gxf4 13. Rxf4 Ne5 14. Qe1 a6 15. Kh1 Qe7 16. h3 Ned7 0-1

[Event "RB-2018-0-00361"]
[Site "LSS email"]
[Date "2018.08.27"]
[Round "?"]
[White "Sirotkin, Evgenji"]
[Black "Obukhov, Gennady Nikolaevich"]
[Result "0-1"]
[WhiteElo "1945"]
[BlackElo "1794"]
[PlyCount "24"]
[EventDate "2018.04.09"]
[EventType "tourn (corr)"]
[EventRounds "6"]
[EventCountry "GER"]
[SourceTitle "Corr 2022"]
[Source "ChessBase"]
[SourceDate "2021.10.24"]
[SourceVersion "1"]
[SourceVersionDate "2021.10.24"]
[SourceQuality "1"]

1. e4 e5 2. Nf3 Nc6 3. Bb5 a6 4. Ba4 Nf6 5. 0-0 Be7 6. Re1 b5 7. Bb3 0-0 8. c3 d5 9. exd5 Nxd5 10. Nxe5 Nxe5 11. Rxe5 Nf6 12. Re1 c5 0-1

[Event "RB-2018-0-00361"]
[Site "LSS email"]
[Date "2018.08.27"]
[Round "?"]
[White "Sirotkin, Evgenji"]
[Black "Zholob, Anatolij"]
[Result "1/2-1/2"]
[WhiteElo "1945"]
[BlackElo "2043"]
[PlyCount "51"]
[EventDate "2018.04.09"]
[EventType "tourn (corr)"]
[EventRounds "6"]
[EventCountry "GER"]
[SourceTitle "Corr 2022"]
[Source "ChessBase"]
[SourceDate "2021.10.24"]
[SourceVersion "1"]
[SourceVersionDate "2021.10.24"]
[SourceQuality "1"]

1. d4 d5 2. Nf3 e6 3. g3 Nf6 4. Bg2 b5 5. 0-0 Be7 6. b3 Bb7 7. c4 bxc4 8. bxc4 dxc4 9. Bb2 0-0 10. Nbd2 c5 11. Nxc4 Nbd7 12. Rc1 Rc8 13. Nfe5 Bxg2 14. Kxg2 cxd4 15. Qxd4 Rc7 16. f3 Qb8 17. Rfd1 Rfc8 18. Ne3 Rxc1 19. Rxc1 Rxc1 20. Nxd7 Qc7 21. Bxc1 Qxc1 22. Qc4 Qxc4 23. Nxf6+ Bxf6 24. Nxc4 g5 25. e3 h5 26. Kf2 1/2-1/2

[Event "OP-2018-0-04623"]
[Site "LSS email"]
[Date "2018.07.21"]
[Round "?"]
[White "Billio, Maria"]
[Black "Sirotkin, Evgenji"]
[Result "1/2-1/2"]
[WhiteElo "2046"]
[BlackElo "2003"]
[PlyCount "66"]
[EventDate "2018.07.12"]
[EventType "tourn (corr)"]
[EventRounds "4"]
[EventCountry "GER"]
[SourceTitle "Corr 2022"]
[Source "ChessBase"]
[SourceDate "2021.10.24"]
[SourceVersion "1"]
[SourceVersionDate "2021.10.24"]
[SourceQuality "1"]

1. d4 Nf6 2. Nf3 d5 3. g3 e6 4. Bg2 Be7 5. c4 0-0 6. Qc2 c5 7. 0-0 cxd4 8. Nxd4 Nc6 9. Nxc6 bxc6 10. Rd1 Ba6 11. b3 Qb6 12. Be3 Bc5 13. Bxc5 Qxc5 14. Nd2 Rac8 15. Rac1 Rfd8 16. e3 h6 17. a3 dxc4 18. Bf1 Qe7 19. Bxc4 Bb7 20. Qb2 c5 21. Be2 Nh7 22. f3 f5 23. Nc4 Rxd1+ 24. Rxd1 Bd5 25. Kf2 Nf6 26. Ne5 Qc7 27. Nc4 Kh7 28. Qc3 Rd8 29. Rc1 Rc8 30. h3 Rb8 31. Nd2 Rc8 32. Nc4 Qb8 33. Rb1 Nd7 1/2-1/2

[Event "SB-2018-0-00539"]
[Site "LSS email"]
[Date "2018.07.12"]
[Round "?"]
[White "Furguzz, Scarlett"]
[Black "Sirotkin, Evgenji"]
[Result "1/2-1/2"]
[WhiteElo "1916"]
[BlackElo "1972"]
[PlyCount "61"]
[EventDate "2018.06.13"]
[EventType "tourn (corr)"]
[EventRounds "6"]
[EventCountry "GER"]
[SourceTitle "Corr 2022"]
[Source "ChessBase"]
[SourceDate "2021.10.24"]
[SourceVersion "1"]
[SourceVersionDate "2021.10.24"]
[SourceQuality "1"]

1. Nf3 d5 2. d4 Nf6 3. c4 e6 4. Nc3 Be7 5. Bf4 0-0 6. e3 Nbd7 7. c5 c6 8. Bd3 Nh5 9. Qc2 Nxf4 10. exf4 h6 11. a3 a5 12. 0-0 b6 13. b4 Qc7 14. g3 Ba6 15. Rfc1 Bxd3 16. Qxd3 Rfb8 17. Kg2 Ra7 18. h4 Bf6 19. Rab1 axb4 20. axb4 Rba8 21. Rb3 b5 22. Nxb5 cxb5 23. Qxb5 Ra4 24. Qd3 Nb6 25. f5 exf5 26. b5 Rd8 27. Rd1 Nc4 28. Qxf5 Qc8 29. Qf4 Qb8 30. Qf5 Qc8 31. Qxc8 1/2-1/2

[Event "SB-2018-0-00539"]
[Site "LSS email"]
[Date "2018.07.12"]
[Round "?"]
[White "Mary, Patrick"]
[Black "Sirotkin, Evgenji"]
[Result "1-0"]
[WhiteElo "2031"]
[BlackElo "1972"]
[PlyCount "65"]
[EventDate "2018.06.13"]
[EventType "tourn (corr)"]
[EventRounds "6"]
[EventCountry "GER"]
[SourceTitle "Corr 2022"]
[Source "ChessBase"]
[SourceDate "2021.10.24"]
[SourceVersion "1"]
[SourceVersionDate "2021.10.24"]
[SourceQuality "1"]

1. d4 Nf6 2. c4 e6 3. Nf3 d5 4. Bg5 Be7 5. Nc3 0-0 6. e3 h6 7. Bf4 c5 8. dxc5 Bxc5 9. a3 Nc6 10. Qc2 Qe7 11. Rd1 Rd8 12. b4 Bb6 13. c5 e5 14. Bg3 Bc7 15. Be2 Bg4 16. 0-0 a6 17. h3 Bxf3 18. Bxf3 e4 19. Bxc7 Qxc7 20. Be2 Qe5 21. Qc1 Re8 22. Rfe1 Rad8 23. b5 axb5 24. Nxb5 Rd7 25. Nd6 Rb8 26. Rd2 Nd8 27. Nb5 Ne6 28. Red1 Ra8 29. Rc2 Nd8 30. Qb1 Nc6 31. Rcc1 Qe7 32. Qb3 Na5 33. Qa4 1-0

[Event "SB-2018-0-00536"]
[Site "LSS email"]
[Date "2018.06.22"]
[Round "?"]
[White "Sirotkin, Evgenji"]
[Black "Carlsen, Torben Erik"]
[Result "0-1"]
[WhiteElo "1980"]
[BlackElo "1772"]
[PlyCount "60"]
[EventDate "2018.05.24"]
[EventType "tourn (corr)"]
[EventRounds "6"]
[EventCountry "GER"]
[SourceTitle "Corr 2022"]
[Source "ChessBase"]
[SourceDate "2021.10.24"]
[SourceVersion "1"]
[SourceVersionDate "2021.10.24"]
[SourceQuality "1"]

1. e4 c5 2. Nf3 Nc6 3. d4 cxd4 4. Nxd4 e6 5. Nc3 Qc7 6. Be3 a6 7. Qd2 Nf6 8. 0-0-0 Bb4 9. f3 Ne5 10. Nb3 b5 11. Bd4 h6 12. a3 Be7 13. Bxe5 Qxe5 14. f4 Qc7 15. e5 Nh7 16. h4 0-0 17. g4 Bb7 18. Bg2 Bxg2 19. Qxg2 Bxa3 20. Rh3 Bb4 21. g5 h5 22. Rhd3 Ra7 23. Ne4 g6 24. Rxd7 Qxd7 25. Rxd7 Rxd7 26. Qg1 Rb8 27. Nbc5 Bxc5 28. Qxc5 Kg7 29. c3 Nf8 30. Nd6 Kh7 0-1

[Event "SB-2018-0-00535"]
[Site "LSS email"]
[Date "2018.06.14"]
[Round "?"]
[White "Sirotkin, Evgenji"]
[Black "Langheld, Werner"]
[Result "0-1"]
[WhiteElo "1972"]
[BlackElo "1906"]
[PlyCount "60"]
[EventDate "2018.05.19"]
[EventType "tourn (corr)"]
[EventRounds "6"]
[EventCountry "GER"]
[SourceTitle "Corr 2022"]
[Source "ChessBase"]
[SourceDate "2021.10.24"]
[SourceVersion "1"]
[SourceVersionDate "2021.10.24"]
[SourceQuality "1"]

1. c4 c5 2. Nc3 Nc6 3. Nf3 Nf6 4. e3 e6 5. d4 d5 6. cxd5 exd5 7. Be2 cxd4 8. Nxd4 Bd6 9. 0-0 0-0 10. b3 Be5 11. Nxc6 bxc6 12. Bb2 Re8 13. Rc1 Ne4 14. Rc2 Qd6 15. h3 Nf6 16. Qd3 a5 17. Rfc1 Bh2+ 18. Kh1 Be5 19. Na4 Bxb2 20. Nxb2 Ba6 21. Qd1 Bxe2 22. Qxe2 Qa3 23. Ra1 c5 24. Qb5 c4 25. bxc4 Rab8 26. Qa4 Qxa4 27. Nxa4 Rb4 28. Nc5 Rxc4 29. Rxc4 dxc4 30. Nb7 c3 0-1

[Event "RB-2018-0-00359"]
[Site "LSS email"]
[Date "2018.05.28"]
[Round "?"]
[White "Ederer, Karel"]
[Black "Sirotkin, Evgenji"]
[Result "1/2-1/2"]
[WhiteElo "1918"]
[BlackElo "1863"]
[PlyCount "57"]
[EventDate "2018.01.18"]
[EventType "tourn (corr)"]
[EventRounds "6"]
[EventCountry "GER"]
[SourceTitle "Corr 2022"]
[Source "ChessBase"]
[SourceDate "2021.10.24"]
[SourceVersion "1"]
[SourceVersionDate "2021.10.24"]
[SourceQuality "1"]

1. d4 d5 2. c4 e6 3. Nc3 Nf6 4. Bg5 Be7 5. e3 0-0 6. Nf3 h6 7. Bh4 b6 8. Be2 Bb7 9. Bxf6 Bxf6 10. cxd5 exd5 11. 0-0 Nd7 12. b4 c5 13. bxc5 bxc5 14. Rb1 Bc6 15. Bb5 Qc7 16. Qd2 Rfd8 17. Rfc1 Rab8 18. Bxc6 Rxb1 19. Nxb1 Qxc6 20. dxc5 Nxc5 21. Qc2 Be7 22. Nd4 Qb6 23. Nd2 Ne6 24. Nc6 Rd7 25. Rb1 Qc7 26. Nxe7+ Rxe7 27. Qb2 Re8 28. Nf3 Rc8 29. Qd2 1/2-1/2

[Event "SB-2018-0-00533"]
[Site "LSS email"]
[Date "2018.05.28"]
[Round "?"]
[White "Sirotkin, Evgenji"]
[Black "Nicolaescu, Nicolae"]
[Result "0-1"]
[WhiteElo "1971"]
[BlackElo "1775"]
[PlyCount "50"]
[EventDate "2018.04.23"]
[EventType "tourn (corr)"]
[EventRounds "6"]
[EventCountry "GER"]
[SourceTitle "Corr 2022"]
[Source "ChessBase"]
[SourceDate "2021.10.24"]
[SourceVersion "1"]
[SourceVersionDate "2021.10.24"]
[SourceQuality "1"]

1. e4 c5 2. Nf3 Nc6 3. d4 cxd4 4. Nxd4 Nf6 5. Nc3 e5 6. Ndb5 d6 7. Bg5 a6 8. Na3 b5 9. Bxf6 gxf6 10. Nd5 f5 11. Bd3 Be6 12. 0-0 Bg7 13. Qh5 f4 14. c4 b4 15. Nc2 a5 16. g3 Ne7 17. Kh1 Ng6 18. Rg1 Rb8 19. Ne1 Qc8 20. gxf4 exf4 21. Nf3 Bxb2 22. Rae1 Bc3 23. Re2 Qb7 24. Rc2 Qa7 25. Re2 Kd7 0-1

[Event "RB-2018-0-00359"]
[Site "LSS email"]
[Date "2018.05.23"]
[Round "?"]
[White "Langheld, Werner"]
[Black "Sirotkin, Evgenji"]
[Result "1/2-1/2"]
[WhiteElo "1974"]
[BlackElo "1863"]
[PlyCount "64"]
[EventDate "2018.01.18"]
[EventType "tourn (corr)"]
[EventRounds "6"]
[EventCountry "GER"]
[SourceTitle "Corr 2022"]
[Source "ChessBase"]
[SourceDate "2021.10.24"]
[SourceVersion "1"]
[SourceVersionDate "2021.10.24"]
[SourceQuality "1"]

1. d4 d5 2. e4 dxe4 3. Nc3 c6 4. Nxe4 Bf5 5. Ng3 Bg6 6. h4 h6 7. Nf3 Nd7 8. h5 Bh7 9. Bd3 Bxd3 10. Qxd3 e6 11. Bf4 Qa5+ 12. Bd2 Qc7 13. 0-0-0 Ngf6 14. Ne4 0-0-0 15. g3 Nxe4 16. Qxe4 Bd6 17. c4 c5 18. Bc3 cxd4 19. Nxd4 a6 20. Kb1 Be5 21. Rd2 Nc5 22. Qc2 Rd7 23. Rhd1 Rhd8 24. a3 Qb6 25. Ka2 a5 26. f4 Bxd4 27. Rxd4 Rxd4 28. Rxd4 f6 29. Rxd8+ Kxd8 30. b3 Kc8 31. Bd4 Qd6 32. Bc3 Qb6 1/2-1/2